• 首页
  • 本馆介绍
  • 公告通知
  • 最新文献
  • 馆藏检索
  • 电子资源
  • 读者导购
  • 参考咨询
  • 我的图书馆
  • 登录
  • 详细信息显示
  • 放入我的书架
  • 预约/预借图书
  • 作者相关作品
  • 分类相关作品
  • 丛书相关作品
  • 出版社相关作品

书目信息

  • 表格格式
  • 工作单格式
  • 卡片格式
题名:
人的本性与命运
    
 
作者: 尼布尔 著 ;成穷 , 王作虹 译
分册: 下卷  
出版信息: 贵阳   贵州人民出版社  2006
页数: 287-596页
开本: 21cm
丛书名: “现代社会与人”名著译丛
单 册:
中图分类: B038
科图分类:
主题词: 人性 , 人性--研究 , 历史唯物主义
电子资源:
ISBN: 7-221-07245-0
000 01178oam2 2200325 450
001 1234644281
005 20120930110119.46
010    @a7-221-07245-0@dCNY24.50
100    @a20060529d2006 em y0chiy50 ea
101 1  @achi@ceng
102    @aCN@b520000
105    @ay z 001yy
106    @ar
200 1  @a人的本性与命运@dNature and destiny of man@h下卷@f(美)R. 尼布尔(Reinhold Niebuhr)著@g成穷,王作虹译@zeng@Aren de ben xing yu ming yun
210    @a贵阳@c贵州人民出版社@d2006
215    @a287-596页@d21cm
225 2  @a“现代社会与人”名著译丛
305    @a本书由Westminster John Knox Press授权出版
330    @a本书不仅是作者深刻的理性反思,而且是对西方思想的深刻历史反思,书中对人的”个性“与”历史意义”的圣经传统作了详细的论述。
461  0 @1001003231727
510 1  @aNature and destiny of man@zeng
606 0  @a人性
606 0  @a人性@x研究
606 0  @a历史唯物主义
690    @aB038@v4
701  0 @c(美)@a尼布尔@c(Niebuhr,Reinhold@f1892~1971)@4著@Ani bu er
702  0 @a成穷@4译@Acheng qiong
702  0 @a王作虹@4译@Awang zuo hong
801  0 @aCN@b大连网信软件有限公司图书馆·11@c20120930
905    @a10447@dB038@eJY81:2
    
    人的本性与命运=Nature and destiny of man.下卷/(美)R. 尼布尔(Reinhold Niebuhr)著/成穷,王作虹译.-贵阳:贵州人民出版社,2006
    287-596页;21cm .-(“现代社会与人”名著译丛 )
    
    
    ISBN 7-221-07245-0:CNY24.50
    本书不仅是作者深刻的理性反思,而且是对西方思想的深刻历史反思,书中对人的”个性“与”历史意义”的圣经传统作了详细的论述。
●
相关链接 在E读中查询图书 在五车中查询图书 在当当中查询图书 在豆瓣中查询图书


正题名:人的本性与命运     索取号:B038/JY81:2         预约/预借

序号 登录号 条形码 馆藏地/架位号 状态 备注
1 7809640   278096409   学院路分馆/ [索取号:B038/JY81:2] 在馆    
2 7809641   278096418   学院路分馆/ [索取号:B038/JY81:2] 在馆    
唐山师范学院图书馆 欢迎您!
大连网信软件有限公司© 版权所有